FUNDAMENTOS DEL ANALISIS ECONOMICO (Registro nro. 44304)
[ vista simple ]
| 000 -LEADER | |
|---|---|
| fixed length control field | 00503nam a2200181 a 4500 |
| 001 - CONTROL NUMBER | |
| control field | 44304 |
| 005 - DATE AND TIME OF LATEST TRANSACTION | |
| control field | 20180714023122.0 |
| 008 - FIXED-LENGTH DATA ELEMENTS--GENERAL INFORMATION | |
| fixed length control field | 140415s1957 000 0 spa d |
| 041 ## - LANGUAGE CODE | |
| Language code of text/sound track or separate title | spa |
| 082 ## - DEWEY DECIMAL CLASSIFICATION NUMBER | |
| Classification number | 330.12 |
| Item number | SAM |
| 100 1# - MAIN ENTRY--PERSONAL NAME | |
| Personal name | SAMUELSON, PAUL ANTHONY |
| 245 10 - TITLE STATEMENT | |
| Title | FUNDAMENTOS DEL ANALISIS ECONOMICO |
| 260 ## - PUBLICATION, DISTRIBUTION, ETC. | |
| Place of publication, distribution, etc. | [s.l.] : |
| Name of publisher, distributor, etc. | EL ATENEO, |
| Date of publication, distribution, etc. | 1957 |
| 300 ## - PHYSICAL DESCRIPTION | |
| Extent | 461 |
| 490 ## - SERIES STATEMENT | |
| Series statement | BIBLIOTECA DE CIENCIAS ENCONOMICAS, SECCION EC.... |
| 650 14 - SUBJECT ADDED ENTRY--TOPICAL TERM | |
| Topical term or geographic name entry element | ECONOMIA |
| 700 1# - ADDED ENTRY--PERSONAL NAME | |
| Personal name | BICIC, UROS |
| Relator term | tr. |
| Withdrawn status | Lost status | Source of classification or shelving scheme | Damaged status | Not for loan | Collection code | Home library | Current library | Shelving location | Date acquired | Source of acquisition | Inventory number | Total Checkouts | Full call number | Barcode | Date last seen | Date last checked out | Price effective from | Koha item type |
|---|---|---|---|---|---|---|---|---|---|---|---|---|---|---|---|---|---|---|
| Dewey Decimal Classification | General | Biblioteca Karol Wojtyla | Biblioteca Karol Wojtyla | Sala general | 03/12/2013 | Compra | 151000000000000000049740 | 330.12 SAM | 666 | 05/01/2026 | 26/11/2014 | 03/12/2013 | Libro |